Ringkasan Sahih Bukhari Jilid 2

Bibliographic Details
Main Author: Az-Zabidi, Imam
Format: Book
Published: Selangor : Al-Hidayah Publication , 2014
Subjects:

MARC

LEADER 00000cam a2200000 7i4500
001 0000105796
005 20140317.0
008 100526 bm
020 |a 9789673681952 
090 0 0 |a 297.124 AZZ 
100 1 |a Az-Zabidi, Imam 
245 1 0 |a Ringkasan Sahih Bukhari Jilid 2   |c Imam Az-Zabidi; Disemak oleh Ustaz Muhammad Salman b. Jonid 
260 |a Selangor :   |b Al-Hidayah Publication ,   |c 2014 
300 |a xxvii,536p. ;   |c 26cm. 
650 0 0 |a Islam   |x Hadith 
999 |a 0000259523   |b Buku   |c Rujukan   |e Perpustakaan Komuniti UTC Melaka 
999 |a 0000259524   |b Buku   |c Rujukan   |e Perpustakaan Komuniti UTC Melaka